000 00309nam a22001337a 4500
003 OSt
005 20220218093756.0
008 220218b |||||||| |||| 00| 0 eng d
020 _a139780071259477
040 _cHU
082 _24th
_a658.5752
245 _aProduct Design & Development
942 _2ddc
_cBOOKS
_n0
999 _c30735
_d30735